| 000 | 00482nam a22001697a 4500 | ||
|---|---|---|---|
| 003 | SGT | ||
| 020 | _a8123909756 | ||
| 082 | _a574, ING | ||
| 100 | _aINGOLD C.K. | ||
| 245 | _aSTRUCTURE & MECHANISM ORGANIC CHEMISTRY | ||
| 250 | _a2ND | ||
| 260 |
_aNEW DELHI _bCBS _c1994 |
||
| 300 | _a1266 | ||
| 650 | _aUNASSIGNED | ||
| 653 | _aVALENCY AND MOLECULAR STRUCTURE, INTERACTIONS BETWEEN AND WITHIN MOLECULES, AROMATIC SUBSTITUTION, SATURATED REARRANGEMENTS | ||
| 942 |
_2ddc _cFPS |
||
| 999 |
_c9330 _d9330 |
||